Normal view
MARC view
- Auditors.
Entry Personal Name
001 - CONTROL NUMBER
- control field: 9174
003 - CONTROL NUMBER IDENTIFIER
- control field: OSt
005 - DATE AND TIME OF LATEST TRANSACTION
- control field: 20200210124010.0
008 - FIXED-LENGTH DATA ELEMENTS
- fixed length control field: 200210|| aca||aabn | a|a d
040 ## - CATALOGING SOURCE
- Original cataloging agency: OSt
- Transcribing agency: OSt
100 ## - HEADING--PERSONAL NAME
- Personal name: Auditors.
670 ## - SOURCE DATA FOUND
- Source citation: Work cat.: (OSt): Kush, Brian D. 9173, Auditing leadership : , c2009.

PORTAL AKMAL
E-MEL JKDM
AKMAL2U
G-BAM
u-PUSTAKA